Farming for a better climate (Record no. 120827)

MARC details
000 -LEADER
fixed length control field 01038cai a22002055a 4500
001 - CONTROL NUMBER
control field E148481
008 - FIXED-LENGTH DATA ELEMENTS--GENERAL INFORMATION
fixed length control field 090923u xxk g 000 0 eng d
035 ## - SYSTEM CONTROL NUMBER
System control number (Sirsi) u148481
041 0# - LANGUAGE CODE
Language code of text/sound track or separate title eng
110 2# - MAIN ENTRY--CORPORATE NAME
Corporate name or jurisdiction name as entry element Scottish Agricultural College
9 (RLIN) 3388
245 00 - TITLE STATEMENT
Title Farming for a better climate
Medium [electronic resource]
520 ## - SUMMARY, ETC.
Summary, etc. Part of the SAC website devoted to the 'Farming for a Better Climate' initiative established by the Scottish Government, which sets out five key steps which farmers can take to cut emissions, adapt to climate change and improve their businesses. Also includes case studies and provides information on carrying out a carbon audit.
590 ## - LOCAL NOTE (RLIN)
Local note KA
651 #4 - SUBJECT ADDED ENTRY--GEOGRAPHIC NAME
Geographic name Scotland
Chronological subdivision 1999-
690 ## - LOCAL SUBJECT ADDED ENTRY--TOPICAL TERM (OCLC, RLIN)
Topical term or geographic name as entry element ENVIRONMENTAL AND LAND CONSULTANCY-SUSTAINABILITY
690 ## - LOCAL SUBJECT ADDED ENTRY--TOPICAL TERM (OCLC, RLIN)
Topical term or geographic name as entry element ENVIRONMENTAL AND LAND CONSULTANCY-AGRIBUSINESS-AGRICULTURE
710 2# - ADDED ENTRY--CORPORATE NAME
Corporate name or jurisdiction name as entry element Scotland
Subordinate unit Scottish Government
9 (RLIN) 5344
856 40 - ELECTRONIC LOCATION AND ACCESS
Uniform Resource Identifier <a href="https://www.sac.ac.uk/climatechange/farmingforabetterclimate/">https://www.sac.ac.uk/climatechange/farmingforabetterclimate/</a>
Public note View the website free of charge at www.sac.ac.uk...
942 ## - ADDED ENTRY ELEMENTS (KOHA)
Suppress in OPAC 0
Holdings
Withdrawn status Lost status Source of classification or shelving scheme Damaged status Not for loan Home library Current library Shelving location Date acquired Total Checkouts Full call number Barcode Date last seen Copy number Price effective from Koha item type
    Dewey Decimal Classification     Virtual Virtual Online 23/09/2009   WEBSITE 148481-2001 06/08/2019 1 06/08/2019 Online material